000 01747nam a2200517 i 4500
001 38965
003 KOSZ 005
005 20221004135337.0
008 010227s2001 pl a |000 0 pol
015 _aUWD 2013/10540
020 _a8388597132
035 _a991015734709705066
035 _a(PL-WaBN)b14234890-48omnis_nlop
035 _ab14234890
035 _a(OCoLC)1036364615
035 _axx001123631
035 _a(PL)b0000001423489
035 _a(EXLNZ-48OMNIS_NETWORK)9910465908405606
040 _aWA N
_cWA N
_dKOSZ 005/HR
041 1 _apol
_heng
046 _k1999
080 _a(07)
080 _a336.76
245 0 0 _aAnaliza techniczna :
_bwprowadzenie /
_cprzeł. Tomasz Słupek ; Reuters.
246 1 _iTyt. oryg.:
_aIntroduction to technical analysis,
_f1999
260 _aKraków :
_bDom Wydawniczy "ABC" :
_bOficyna Ekonomiczna. Oddział Polskich Wydawnictw Profesjonalnych,
_c2001.
300 _a185 s. :
_bil. ;
_c21x28 cm.
336 _aTekst
_btxt
_2rdacontent
337 _aBez urządzenia pośredniczącego
_bn
_2rdamedia
338 _aWolumin
_bnc
_2rdacarrier
380 _aKsiążki
388 _a1901-2000
388 _a1989-2000
388 _a2001-
500 _aTyt. oryg.: "An introduction to technical analysis" 1999.
504 _aBibliogr. przy rozdz.
650 7 _aAnaliza techniczna (metoda ekonomiczna)
_2DBN
655 7 _aPodręcznik
_2DBN
658 _aGospodarka, ekonomia, finanse
700 1 _aSłupek, Tomasz
_eTłumaczenie
710 2 _aDom Wydawniczy ABC
_4pbl
856 _uhttp://koha.tu.koszalin.pl/cgi-bin/koha/opac-detail.pl?biblionumber=38965
_yKatalog online BPK
942 _2UKD
_cKS
999 _c38965
_d38965